<?xml version='1.0' encoding='UTF-8'?>
  <record xmlns="http://www.loc.gov/MARC21/slim">
    <leader>00000cam a22000007i 4500</leader>
    <controlfield tag="001">ocn901224785</controlfield>
    <controlfield tag="003">OCoLC</controlfield>
    <controlfield tag="005">20251201032812.0</controlfield>
    <controlfield tag="008">150127s1483    be            000 0 lat d</controlfield>
    <datafield tag="040" ind1=" " ind2=" ">
      <subfield code="a">NLGGC</subfield>
      <subfield code="b">eng</subfield>
      <subfield code="e">rda</subfield>
      <subfield code="e">dcrmr</subfield>
      <subfield code="c">NLGGC</subfield>
      <subfield code="d">OCLCO</subfield>
      <subfield code="d">OCLCL</subfield>
      <subfield code="d">OCLCQ</subfield>
      <subfield code="d">QGJ</subfield>
      <subfield code="d">OCLCO</subfield>
      <subfield code="d">QGJ</subfield>
    </datafield>
    <datafield tag="029" ind1="0" ind2=" ">
      <subfield code="a">NLGGC</subfield>
      <subfield code="b">388320095</subfield>
    </datafield>
    <datafield tag="035" ind1=" " ind2=" ">
      <subfield code="a">(OCoLC)901224785</subfield>
    </datafield>
    <datafield tag="100" ind1="0" ind2=" ">
      <subfield code="a">William,</subfield>
      <subfield code="c">of Auvergne, Bishop of Paris,</subfield>
      <subfield code="d">1180-1249,</subfield>
      <subfield code="e">author.</subfield>
      <subfield code="4">aut</subfield>
      <subfield code="1">https://id.oclc.org/worldcat/entity/E39PBJtcMrBxCDJggWmyypRBT3</subfield>
    </datafield>
    <datafield tag="240" ind1="1" ind2="0">
      <subfield code="a">Rhetorica divina</subfield>
    </datafield>
    <datafield tag="245" ind1="1" ind2="0">
      <subfield code="a">Liber dictus Rethorica diuina quo null[us] vtilior dulcior ac deuotior est. /</subfield>
      <subfield code="c">Editus ab eleuate intelligentie et profunde speculationis viro magistro guillermo episcopo parisiensi.</subfield>
    </datafield>
    <datafield tag="246" ind1="3" ind2=" ">
      <subfield code="a">Liber dictus Rethorica divina quo null[us] utilior dulcior ac devotior est</subfield>
    </datafield>
    <datafield tag="246" ind1="3" ind2=" ">
      <subfield code="a">Rethorica diuina</subfield>
    </datafield>
    <datafield tag="246" ind1="3" ind2=" ">
      <subfield code="a">Rethorica divina</subfield>
    </datafield>
    <datafield tag="264" ind1=" " ind2="1">
      <subfield code="a">Impressa Gandavi :</subfield>
      <subfield code="b">p[er] me Arnoldum Cesaris,</subfield>
      <subfield code="c">Anno M.CCCC.lxxxiij° xi° kal. sep. [22 August 1483].</subfield>
    </datafield>
    <datafield tag="300" ind1=" " ind2=" ">
      <subfield code="a">[130] leaves ;</subfield>
      <subfield code="c">21 cm (4to)</subfield>
    </datafield>
    <datafield tag="336" ind1=" " ind2=" ">
      <subfield code="a">text</subfield>
      <subfield code="b">txt</subfield>
      <subfield code="2">rdacontent</subfield>
    </datafield>
    <datafield tag="337" ind1=" " ind2=" ">
      <subfield code="a">unmediated</subfield>
      <subfield code="b">n</subfield>
      <subfield code="2">rdamedia</subfield>
    </datafield>
    <datafield tag="338" ind1=" " ind2=" ">
      <subfield code="a">volume</subfield>
      <subfield code="b">nc</subfield>
      <subfield code="2">rdacarrier</subfield>
    </datafield>
    <datafield tag="340" ind1=" " ind2=" ">
      <subfield code="m">4to</subfield>
      <subfield code="2">rdabf</subfield>
    </datafield>
    <datafield tag="500" ind1=" " ind2=" ">
      <subfield code="a">Title from incipit, leaf a5 recto, which reads: Incipit liber dictus Rethorica diuina quo null[us] vtilior dulcior ac deuotior est. Editus ab eleuate intelligentie et profunde speculationis viro magistro guillermo episcopo parisiensi.</subfield>
    </datafield>
    <datafield tag="500" ind1=" " ind2=" ">
      <subfield code="a">Imprint and date from colophon, leaf q5r, which reads: "Explicit Rethorica diuina doctoris vncti &amp; vngentis magistri Guillermi parisiensis de sacra et sanctificatiua oratione aliqualiter abbreuiata. Impressa Gandaui p[er] me Arnoldum cesaris Anno d[o]m[ini] .M.cccc.lxxxxiij° xi° kal' sep."</subfield>
    </datafield>
    <datafield tag="500" ind1=" " ind2=" ">
      <subfield code="a">Signatures: a-p⁸, q¹⁰; a1 is blank.</subfield>
    </datafield>
    <datafield tag="500" ind1=" " ind2=" ">
      <subfield code="a">Woodcut end title on leaf q10v: Rethorica diuina.</subfield>
    </datafield>
    <datafield tag="500" ind1=" " ind2=" ">
      <subfield code="a">Some copies have De Keysere's woodcut device beneath the woodcut title q10 verso.</subfield>
    </datafield>
    <datafield tag="500" ind1=" " ind2=" ">
      <subfield code="a">First line of preliminary pages (leaf a2 recto): Commendatio prestantissimi et incomparabilis doctoris magistri guillermi parisie[n]sis actoris seque[n]tis libri. qui Rethorica diuina pretitulatur.</subfield>
    </datafield>
    <datafield tag="500" ind1=" " ind2=" ">
      <subfield code="a">First line of Dialogus Mariae et peccatoris (leaf q7 verso): Incipit dyalogus consolatorius gloriosissime virginis ... Marie in quaque verbis dulcissimis consolantis peccatoris vero bene sperantis consolati.</subfield>
    </datafield>
    <datafield tag="500" ind1=" " ind2=" ">
      <subfield code="a">Capital spaces, without guide letters, woodcut initial on q7 verso.</subfield>
    </datafield>
    <datafield tag="505" ind1="0" ind2=" ">
      <subfield code="a">a1 blank -- 'Commendatio', a2 recto-a3 recto -- tabula, a3 recto-a4 verso -- Guillermus Alvernus, Episcopus Parisiensis. Rhetorica divina, a5 recto-q5 recto -- colophon, q5 recto -- 'Epitaphium eiusde[m] magistri Guillermi [in verse]', q5 verso -- Arend de Keysere, [Letter to] Pontius Rainaudus, Prior of the Carmelites, q5 verso-q7 recto -- Dionysius Carthusiensis [pseudo-; Jacobus de Gruytrode]. Dialogus Mariae et peccatoris, q7 verso-q10 recto -- title (and, in some copies, device), q10 verso.</subfield>
    </datafield>
    <datafield tag="510" ind1="4" ind2=" ">
      <subfield code="a">Incunabula short title catalogue,</subfield>
      <subfield code="c">ig00713000</subfield>
      <subfield code="u">https://data.cerl.org/istc/ig00713000</subfield>
    </datafield>
    <datafield tag="510" ind1="4" ind2=" ">
      <subfield code="a">Gesamtkatalog der Wiegendrucke,</subfield>
      <subfield code="c">11865</subfield>
      <subfield code="u">https://www.gesamtkatalogderwiegendrucke.de/docs/GW11865.htm</subfield>
    </datafield>
    <datafield tag="510" ind1="4" ind2=" ">
      <subfield code="a">Incunabula in Dutch libraries,</subfield>
      <subfield code="c">2176</subfield>
    </datafield>
    <datafield tag="510" ind1="4" ind2=" ">
      <subfield code="a">Typenrepertorium der Wiegendruck,</subfield>
      <subfield code="c">ma10430</subfield>
      <subfield code="u">https://tw.staatsbibliothek-berlin.de/ma10430</subfield>
    </datafield>
    <datafield tag="510" ind1="4" ind2=" ">
      <subfield code="a">Typenrepertorium der Wiegendruck,</subfield>
      <subfield code="c">ma13086</subfield>
      <subfield code="u">https://tw.staatsbibliothek-berlin.de/ma13086</subfield>
    </datafield>
    <datafield tag="546" ind1=" " ind2=" ">
      <subfield code="b">Typeface:  2:125G, 3A:99G.</subfield>
    </datafield>
    <datafield tag="650" ind1=" " ind2="0">
      <subfield code="a">Prayer</subfield>
      <subfield code="v">Early works to 1800.</subfield>
    </datafield>
    <datafield tag="650" ind1=" " ind2="0">
      <subfield code="a">Rhetoric</subfield>
      <subfield code="v">Early works to 1800.</subfield>
    </datafield>
    <datafield tag="650" ind1=" " ind2="6">
      <subfield code="a">Prière</subfield>
      <subfield code="v">Ouvrages avant 1800.</subfield>
    </datafield>
    <datafield tag="650" ind1=" " ind2="6">
      <subfield code="a">Rhétorique</subfield>
      <subfield code="v">Ouvrages avant 1800.</subfield>
    </datafield>
    <datafield tag="655" ind1=" " ind2="7">
      <subfield code="a">incunabula (books)</subfield>
      <subfield code="2">aat</subfield>
    </datafield>
    <datafield tag="655" ind1=" " ind2="7">
      <subfield code="a">Incunables.</subfield>
      <subfield code="2">rvmgf</subfield>
    </datafield>
    <datafield tag="700" ind1="0" ind2=" ">
      <subfield code="a">Denis,</subfield>
      <subfield code="c">the Carthusian,</subfield>
      <subfield code="d">1402-1471,</subfield>
      <subfield code="e">attributed name,</subfield>
      <subfield code="e">author.</subfield>
      <subfield code="4">att</subfield>
      <subfield code="4">aut</subfield>
    </datafield>
    <datafield tag="700" ind1="1" ind2=" ">
      <subfield code="a">Keysere, Arend de,</subfield>
      <subfield code="d">approximately 1450-1489,</subfield>
      <subfield code="e">printer,</subfield>
      <subfield code="e">dedicator.</subfield>
      <subfield code="4">prt</subfield>
      <subfield code="4">dto</subfield>
      <subfield code="1">https://id.oclc.org/worldcat/entity/E39PBJk93kD7pgfk9bXKGtdhHC</subfield>
    </datafield>
    <datafield tag="700" ind1="1" ind2=" ">
      <subfield code="a">Rainaudus, Pontius,</subfield>
      <subfield code="e">addressee.</subfield>
      <subfield code="4">rcp</subfield>
    </datafield>
    <datafield tag="700" ind1="0" ind2=" ">
      <subfield code="a">Jacobus,</subfield>
      <subfield code="c">de Gruytrode,</subfield>
      <subfield code="d">active 1440-1475,</subfield>
      <subfield code="e">author.</subfield>
      <subfield code="4">aut</subfield>
      <subfield code="1">https://id.oclc.org/worldcat/entity/E39PBJy4hJ3Wb7ycPxwgvKBVmd</subfield>
    </datafield>
    <datafield tag="740" ind1="0" ind2=" ">
      <subfield code="a">Dialogus Mariae et peccatoris.</subfield>
    </datafield>
    <datafield tag="740" ind1="0" ind2=" ">
      <subfield code="a">Dyalogus consolatorius.</subfield>
    </datafield>
    <datafield tag="752" ind1=" " ind2=" ">
      <subfield code="a">Belgium</subfield>
      <subfield code="d">Ghent,</subfield>
      <subfield code="e">publication place.</subfield>
      <subfield code="4">pup</subfield>
    </datafield>
    <datafield tag="758" ind1=" " ind2=" ">
      <subfield code="a">Rhetorica divina (Text)</subfield>
      <subfield code="1">https://id.oclc.org/worldcat/entity/E39PCGqdckqj37dyFJhvpYcycX</subfield>
      <subfield code="4">https://id.oclc.org/worldcat/ontology/hasWork</subfield>
    </datafield>
    <datafield tag="936" ind1=" " ind2=" ">
      <subfield code="a">BATCHLOAD</subfield>
    </datafield>
  </record>